| 000 | 00726nam a2200205 i 4500 | ||
|---|---|---|---|
| 001 | 138868 | ||
| 003 | ES-MaACL | ||
| 005 | 20250925063044.0 | ||
| 007 | t| | ||
| 008 | 070214s1928 sp |||| | spa d | ||
| 100 | 1 |
_aSanz y Escartín, Eduardo, _d1855-1939 _9103695 |
|
| 245 | 1 | 3 |
_aEl libro, su influencia y su difusión _b: discurso / _cEduardo Sanz Escartín. |
| 260 |
_aMadrid : _b[s.n.], _c1928 ( _fViuda e Hijos de J. Ratis) |
||
| 300 |
_a30 p. ; _c19 cm. |
||
| 500 | _aReal Academia de Ciencias Morales y Políticas. | ||
| 650 | 7 |
_aLibros y lectura _2embne _9142519 |
|
| 710 | 2 |
_aReal Academia de Ciencias Morales y Políticas (España) _9222050 |
|
| 852 |
_aES-MaACL _j1730-F-11 |
||
| 999 |
_c138868 _d138868 |
||